Вып. 10 : Энергетическое и специальное электромашиностроение. Автоматизированный электропривод; Сборник работ по вопросам электромеханики

Xehetasun bibliografikoak
Parent link:Сборник работ по вопросам электромеханики/ Академия наук СССР (АН СССР), Институт электромеханики. Вып. 10 : Энергетическое и специальное электромашиностроение. Автоматизированный электропривод.— , 1958-
Beste egile batzuk: Гнедин Л. П. (редактор)
Hizkuntza:errusiera
Argitaratua: 1963
Gaiak:
Formatua: MixedMaterials Liburua
KOHA link:https://koha.lib.tpu.ru/cgi-bin/koha/opac-detail.pl?biblionumber=675302

MARC

LEADER 00000nam2a2200000 4500
001 675302
005 20241009110709.0
035 |a (RuTPU)RU\TPU\book\329809 
035 |a RU\TPU\book\329610 
090 |a 675302 
100 |a 20241009d1963 k||y0rusy50 ca 
101 0 |a rus 
102 |a RU 
105 |a a z 001zy 
181 0 |a i   |b  e  
182 0 |a n 
183 0 |a nc  |2 RDAcarrier 
200 0 |a Вып. 10 : Энергетическое и специальное электромашиностроение. Автоматизированный электропривод  |f отв. ред. Л. П. Гнедин 
203 |a Текст  |b визуальный  |c непосредственный 
210 |d 1963 
215 |a 306 с.  |c ил. 
283 |a volume  |2 RDAcarrier 
320 |a Библиогр. в конце в конце работ. 
461 1 |0 (RuTPU)RU\TPU\book\85047  |t Сборник работ по вопросам электромеханики  |f Академия наук СССР (АН СССР), Институт электромеханики  |v Вып. 10 : Энергетическое и специальное электромашиностроение. Автоматизированный электропривод  |d 1958-  
606 1 |a Электромашиностроение  |2 stltpush  |3 (RuTPU)RU\TPU\subj\20251  |9 45332 
606 1 |a Автоматизированный электропривод  |9 29559 
610 1 |a межсистемные электропередачи 
610 1 |a перспективы 
610 1 |a атомные электрстанции 
610 1 |a электроэнергетические системы 
610 1 |a автоматическое управление 
610 1 |a типоразмеры 
610 1 |a статические характеристики 
610 1 |a расчеты 
610 1 |a номограммы 
610 1 |a демпфирование 
610 1 |a моделирование 
610 1 |a модельные турбогенераторы 
610 1 |a тепловозы 
675 |a 621.31.002  |v 4 
675 |a 62-83-52  |v 4 
702 1 |a Гнедин  |b Л. П.  |4 340 
801 1 |a RU  |b 63413507  |c 20241009 
801 2 |a RU  |b 63413507  |c 20150918  |g RCR 
830 |a Ретро2024Продолжающиеся 
942 |c CR